000 00265nam a2200109Ia 4500
008 190914s9999||||xx |||||||||||||| ||und||
100 _aDr. Ishtiaq Qureshi
245 0 _aEducation In Pakistan
260 _aDelhi
_bAddison -Wesley
_c2003
300 _a519
942 _cBK
999 _c8920
_d8920